000 01158nam0a22003131 4500
001 v19\rc\1330810
005 20250618120932.0
035 _a(NLR Aleph) 004560784
090 _a2270462
_c2270462
100 _a20060512d1849 |||y0rusy50 ca
101 0 _arus
102 _aRU
105 _ay z |||||
200 1 _aИстинный друг человечества, или Руководство к совершенному изучению венерической болезни...
_fСоч. Огюста Сент-Илера, париж. практ. врача
205 _a2-е изд.
210 _aМосква
_cтип. Александра Семена
_d1849
215 _a152 с.
_d17
517 0 _aРуководство к совершенному изучению венерической болезни...
700 1 _aСент-Илер
_bО.
_gОгюст
790 1 _aИлер
_bО.
_gОгюст
801 0 _aRU
_bNLR
_gpsbo
801 0 _aRU
_bRuMoRGB
_2psbo
801 1 _aRU
_bProSoft-M
_2rusmarc
852 _aNLR
_j18.12.2.12
899 _aRuMoRGB
_jA 125/610
899 _aБАН
899 _aНБ МГУ
942 _cBOOK
980 _aNB